Bahía blanca (argentina) : la ciudad estratégica para concretar inversiones

Guardado en:
Formato: Libro
Publicado: Bahía Blanca : Municipalidad / Unión Industrial, 1993
Materias:
Etiquetas: Agregar Etiqueta
Sin Etiquetas, Sea el primero en etiquetar este registro!
LEADER 00798nam a22002295a 4500
001 CEM.cems008527
005 20081204112823.0
008 130507s1993##################000#0#####d
003 CEMS
082 0 4 |a 982.1 
245 0 0 |a Bahía blanca (argentina) :  |b la ciudad estratégica para concretar inversiones 
260 |a Bahía Blanca :  |b Municipalidad / Unión Industrial,  |c 1993 
300 |a 71 p. 
505 0 |a Incluye versión en inglés, fotos y cuadros. 
653 |a Bahía blanca 
653 |a Bahía blanca-clima 
653 |a Bahía blanca-flora 
653 |a Bahía blanca-fauna 
653 |a Bahía blanca-industrias 
653 |a Bahía blanca-puertos 
859 |a CEMS  |b BIB. CEMS - 11 de abril  |h 982.1  |i B147-2  |p 18008.94  |t Ej.1 
859 |a CEMS  |b BIB. CEMS - 11 de abril  |h 982.1  |i B147-2  |p 20595.99  |t Ej.2